| 000 | 00444nam a22001577a 4500 | ||
|---|---|---|---|
| 005 | 20251104170455.0 | ||
| 008 | 251104b |||||||| |||| 00| 0 eng d | ||
| 020 | _a9780072510072 | ||
| 050 |
_aTA174 _b.K445 |
||
| 100 | _aKelley, David S. | ||
| 245 |
_aPRO/ Engineer 2001 Instructor _cDavid S. Kelley |
||
| 250 | _a1st ed. | ||
| 260 |
_aBoston _bMcGraw Hill _c2002 |
||
| 300 |
_axiv. 564p. _bill. some color _c27.5cm |
||
| 942 |
_2lcc _cBK _e1st ed. _n0 |
||
| 999 |
_c8033 _d8033 |
||